| 000 | 00632nam a2200253Ia 4500 | ||
|---|---|---|---|
| 003 | OSt | ||
| 005 | 20221006160906.0 | ||
| 006 | a|||||r|||| 00| 0 | ||
| 007 | ta | ||
| 008 | 221006b |||||||| |||| 00| 0 eng d | ||
| 020 |
_a9788937420207 _cW, 9.000 |
||
| 024 | _a46,738 | ||
| 037 | _cTextual | ||
| 040 |
_aEASL _cEASL _beng |
||
| 041 |
_2eng _aeng |
||
| 082 | _aO495,3, P5 | ||
| 100 |
_aMUN-YOL Yi _9673797 |
||
| 245 | 0 | _aOur twisted hero. | |
| 260 |
_aSeoul _bMinumsa Korea _c2005 |
||
| 300 |
_a199p. _ccm. |
||
| 490 | _v KL | ||
| 942 |
_hO495,3, P5 _cTEXL _2CC |
||
| 999 |
_c1114827 _d1114827 |
||